Double Trouble - US State Capitals - Statistics

General Stats
  • This quiz has been taken 134 times
  • The average score is 25 of 26
Answer Stats
Split States State Capitals % Correct
6a) Harcolum / Biarisburg Harrisburg
99%
1b) " " Juneau
99%
6b) " " Columbia
98%
10a) Forttop / Ekafrank Frankfort
98%
2b) " " Salt Lake City
98%
2) Felakecity / Saltsanta Santa Fe
98%
7a) Verdo / Verden Dover
97%
12a) Phoehart / Fordnix Phoenix
97%
13b) " " Providence
97%
3a) Marckany / Albbis Albany
96%
1a) Toneau / Junbos Boston
96%
11b) " " Cheyenne
96%
4b)" " Columbus
96%
7b) " " Denver
96%
12b) " " Hartford
96%
11a) Chejack / Yenneson Jackson
96%
4a) Columpi / Buserre Pierre
96%
13a) Lempro / Savidence Salem
96%
10b) " " Topeka
96%
3b)" " Bismarck
94%
9a) Mondleston / Charrich Charleston
94%
9b) " " Richmond
92%
8a) Pauligh / Strale St. Paul
91%
8b) " " Raleigh
90%
5a) Antabo / Atlise Atlanta
88%
5b) " " Boise
84%
No matching quizzes found
Score Distribution
Percent of People with Each Score
Percentile by Number Answered
Your Score History
You have not taken this quiz